Vymedzenie peňažných tokov pre hodnotenie investičných projektov

Gespeichert in:
Bibliographische Detailangaben
1. Verfasser: Rybárová, Daniela, 1967-
Format: Buchkapitel
Sprache:Slowakisch
Tags: Tag hinzufügen
Keine Tags, Fügen Sie das erste Tag hinzu!

MARC

LEADER 00000naa$a2200000$$$4500
001 0060805
005 20240502071656.9
041 0 |a slo 
044 |a SK 
245 1 0 |a Vymedzenie peňažných tokov pre hodnotenie investičných projektov  |c Daniela Rybárová 
100 1 |a Rybárová, Daniela, 1967-